| 000 | 00737nam a22001817a 4500 | ||
|---|---|---|---|
| 003 | UA-OsUOA | ||
| 001 | 16304 | ||
| 007 | ta | ||
| 008 | 20031227b un ||||| |||| 00| 0 ukr d | ||
| 100 | _aМельченко М. | ||
| 942 | _cSA | ||
| 040 |
_aUA-OsUOA _cUA-OsUOA _dUA-OsUOA |
||
| 245 |
_aФітнес - це стиль життя _b[Бесіда з бронз. призером Чемпіонату світу з бодібілдингу та фетнісу М.Мельченко]/ Спілкувався В.Ярошевич _cМ. Мельченко; М. Мальченко |
||
| 300 | _aС.7 | ||
| 955 | _a0 | ||
| 773 | 0 |
_w0 _tНова Волинь _dРівне _d2003 _g№50/4 груд./ |
|
| 650 | 7 |
_aКраєзнавча робота _2UDC |
|
| 999 |
_c302469 _d302469 |
||